Machining Principles and Cost Control /

Enregistré dans:
Détails bibliographiques
Auteurs principaux: Brieley, Robert G (Auteur), Siekmann, H.J (Auteur)
Format: Livre
Langue:anglais
Publié: New York : McGraw-Hill, 1964
Tags: Ajouter un tag
Pas de tags, Soyez le premier à ajouter un tag!

MARC

LEADER 00000nam a22000003a 4500
001 stu34939
005 20150617225730.1
008 920401s1964----xxu-----------------eng-d
040 |a STU  |b slo 
041 0 |a eng 
044 |a xxu 
100 1 |a Brieley, Robert G  |4 aut 
245 1 |a Machining Principles and Cost Control /  |c [aut.]Robert G. Brieley, H.J. Siekmann 
260 |a New York :  |b McGraw-Hill,  |c 1964 
300 |a 254 s 
700 1 |a Siekmann, H.J  |4 aut 
996 |b M 14907  |c M*3985-1  |l MMKN  |s A  |a 24  |w stu34939_0001